00193nam a2200085Ia 4500008004100000020001800041082001600059100001400075245001800089220701s9999 xx 000 0 und d a9780798646901 aINDIGENOUS  aNTULI M.S 0aISIYEZIYEZI 2